学園アイドルマスターの楽曲 - Statistics

General Stats
  • This quiz has been taken 202 times
    55 since last reset
  • The average score is 48 of 78
Answer Stats
歌唱 楽曲名 公開日 % Correct
初星学園 2024/05/16
90%
葛城リーリヤ 白線 2024/05/16
88%
初星学園 Campus mode!! 2024/06/10
88%
藤田ことね 世界一可愛い私 2024/05/16
86%
ゆめぱしー みちなるひろがる 2026/01/27
86%
花海咲季 Fighting My Way 2024/05/16
83%
初星学園 2025/05/16
81%
篠澤広 光景 2024/05/16
81%
月村手毬 Luna say maybe 2024/05/16
81%
Begrazia Star-mine 2025/07/31
81%
月村手毬 一体いつから 2025/01/16
79%
葛城リーリヤ 極光 2025/03/26
79%
秦谷美鈴 ツキノカメ 2025/02/06
79%
雨夜燕 理論武装して 2025/11/15
79%
Re;IRIS 雨上がりのアイリス 2025/05/01
79%
花海咲季 EGO 2025/03/12
79%
月村手毬 アイヴイ 2024/05/26
76%
篠澤広 メクルメ 2024/12/21
76%
倉本千奈篠澤広
月村手毬
仮装狂騒曲 2024/09/30
76%
篠澤 広十王星南 姫崎莉波 ハッピーミルフィーユ 2025/02/01
76%
紫雲清夏 Tame-Lie-One-Step 2024/05/16
76%
有村麻央 見て 2025/10/31
74%
十王星南 小さな野望 2024/11/15
74%
花海咲季葛城リーリヤ 藤田ことね 冠菊 2024/08/01
74%
花海佑芽 The Rolling Riceball 2024/06/01
74%
藤田ことね Yellow Big Bang! 2024/06/10
74%
藤田ことね 自己肯定感爆上げ↑↑しゅきしゅきソング 2025/08/12
71%
紫雲清夏 カクシタワタシ 2024/12/18
71%
篠澤広 サンフェーデッド 2025/07/17
69%
葛城リーリヤ紫雲清夏 花海咲季 桜フォトグラフ 2025/04/01
69%
姫崎莉波 36℃ U・B・U 2025/09/17
69%
月村手毬 叶えたい、ことばかり 2024/06/03
67%
藤田ことね ふわふわ 2025/03/12
67%
篠澤広 コントラスト 2024/07/22
67%
3年1組 ナイワ 2025/09/11
67%
有村麻央紫雲清夏 姫崎莉波 キミとセミブルー 2024/07/01
67%
初星学園 ミラクルナナウ(゚∀゚)! 2024/08/23
67%
篠澤広 コンテンポラリのダンス 2025/03/19
64%
紫雲清夏 Love & Joy 2025/06/19
64%
姫崎莉波 L.U.V 2024/10/18
64%
藤田ことね The Cute!!! 2025/04/29
64%
初星学園 がむしゃらに行こう! 2024/08/08
62%
花海咲季 Boom Boom Pow 2024/06/20
62%
月村手毬 Unhappy Light 2025/03/12
62%
倉本千奈 Wonder Scale 2024/05/16
62%
倉本千奈 日々、発見的ステップ! 2024/08/22
60%
花海佑芽 グースーピー 2025/11/28
60%
姫崎莉波 clumsy trick 2024/05/16
60%
葛城リーリヤ 花海佑芽 藤田ことね White Night! White Wish! 2024/11/28
60%
有村麻央月村手毬 倉本千奈 雪解けに 2025/02/28
57%
葛城リーリヤ Atmosphere 2025/12/08
55%
有村麻央 Feel Jewel Dream 2024/09/20
52%
有村麻央 Fluorite 2024/05/16
52%
十王星南 Our Chant 2025/04/22
52%
花海咲季 Try it now 2025/04/02
52%
倉本千奈 空と約束 2025/10/21
50%
秦谷美鈴 たいせつなもの 2025/02/06
50%
十王星南 Choo Choo Choo 2026/02/25
50%
初星学園 ENDLESS DANCE 2025/02/07
50%
初星学園 Howling over the World 2024/08/15
50%
藤田ことね かちドキ 2025/02/07
48%
初星学園 古今東西ちょちょいのちょい 2024/10/29
48%
紫雲清夏 Kira Kira 2025/03/26
48%
1年2組 Let's GO!! ICHI-NO-NI!! 2025/09/05
48%
花海佑芽 つよつよ最強エクササイズ 2025/04/01
43%
葛城リーリヤ Fragile Heart 2025/03/26
43%
倉本千奈 憧れをいっぱい 2024/08/01
40%
十王星南 Cosmetic 2024/12/07
40%
紫雲清夏 Ride on Beat 2024/11/11
40%
秦谷美鈴 Superlative 2026/01/06
40%
葛城リーリヤ Wake up!! 2024/07/24
40%
倉本千奈 ときめきのソルフェージュ 2025/03/19
38%
1年1組 SUPREMACY 2025/08/29
38%
姫崎莉波 歌声は君いろ 2025/03/26
33%
有村麻央 Top Secret 2025/03/19
31%
姫崎莉波 marble heart 2025/03/05
29%
有村麻央 Sweet Magic 2025/01/18
24%
根緒亜紗里 初星体操第一 2025/12/17
21%
No matching quizzes found
Score Distribution
Percent of People with Each Score
Percentile by Number Answered
Your Score History
You have not taken this quiz since the last reset